| 000 | 00000nam##2200000za#4500 |
| 001 | 9.557963 |
| 003 | CaOODSP |
| 005 | 20210624172141 |
| 007 | cr ||||||||||| |
| 008 | 150406|2001||||xxc|||||o f|0| 0 eng|d |
| 020 | |a0-662-31107-8 |
| 040 | |aCaOODSP|beng |
| 043 | |an-cn--- |
| 086 | 1 |aH113-7/2001-13E-PDF |
| 110 | 1 |aCanada. |bPest Management Regulatory Agency. |
| 245 | 10|aIsomate-M 100 Oriental Fruit Moth Pheromone for use in orchards to disrupt Oriental fruit moth mating |h[electronic resource] |
| 260 | |aOttawa - Ontario : |bHealth Canada. |cNovember 2, 2001. |
| 300 | |a19p.|bglossary, tables |
| 490 | 1 |aRegulatory note |vREG 2001-13 |
| 500 | |aThe catalogue number (H113-7/2001-13E) and ISBN (0-662-31106-X) for the print edition have been incorrectly copied in this electronic publication. |
| 590 | |a12-01-Supp|b2012-01-13 |
| 775 | 08|tIsomate-M 100, phéromone de la tordeuse orientale du pêcher, perturbant son comportement reproducteur dans les arbres fruitiers |w(CaOODSP)9.590963 |
| 776 | 0#|tIsomate-M 100 Oriental Fruit Moth Pheromone for use in orchards to disrupt oriental fruit moth mating |w(CaOODSP)9.615787 |
| 830 | #0|aRegulatory note ;|vREG 2001-13|w(CaOODSP)9.504462 |
| 856 | 40|ahttp://publications.gc.ca|qPDF|s194 KB|uhttps://publications.gc.ca/collections/Collection/H113-7-2001-13E.pdf|yREG 2001-13 |